[Event "Schachsommer 2019"]
[Site "Dresden"]
[Date "2019.08.11"]
[Round "2.3"]
[White "Schnoor, Ekkehard"]
[Black "Nothnagel, Marian Can"]
[Result "0-1"]
[WhiteElo "2152"]
[BlackElo "2388"]
[Annotator "NA"]
[PlyCount "76"]
[EventDate "2019.08.10"]
[EventType "swiss"]
[EventCountry "GER"]
[SourceTitle "playchess.com"]
[Source "ChessBase"]
[SourceQuality "1"]
[TimeControl "40/5400+30:1800+30"]

1. e4 {[%emt 1:30:23]} e5 {[%emt 1:30:27]} 2. Nf3 {[%emt 1:30:57]} d6 {[%emt 1:30:56]} 3. d4 {[%emt 1:31:25]} exd4 {[%emt 1:31:25]} 4. Nxd4 {[%emt 1:31:55]} Nf6 {[%emt 1:31:50]} 5. Nc3 {[%emt 1:31:18]} Be7 {[%emt 1:32:18]} 6. g3 {[%emt 1:30:53]} O-O {[%emt 1:32:43]} 7. Bg2 {[%emt 1:31:08]} Nc6 {[%emt 1:33:10]} 8. Nf5 {[%emt 1:10:42]} Bxf5 {[%emt 1:13:30]} 9. exf5 {[%emt 1:10:23]} Na5 {[%emt 1:13:46]} 10. Qd3 {[%emt 0:59:17]} Nd7 {[%emt 1:03:18]} 11. O-O {[%emt 0:53:57]} Ne5 {[%emt 0:44:05]} 12. Qe2 {[%emt 0:48:24]} Re8 {[%emt 0:48:54]} 13. Nd5 {[%emt 0:36:08]} Bf8 {[%emt 0:30:26]} 14. Ne3 {[%emt 0:19:16]} Rb8 {[%emt 0:18:40]} 15. b4 {[%emt 0:13:54]} Nac6 {[%emt 0:18:48]} 16. Qd2 {[%emt 0:13:38]} Qf6 {[%emt 0:18:12]} 17. Rb1 {[%emt 0:11:07]} a6 {[%emt 0:10:48]} 18. Bb2 {[%emt 0:10:49]} Qd8 {[%emt 0:10:51]} 19. a4 {[%emt 0:09:14]} Nd7 {[%emt 0:10:48]} 20. Nd5 {[%emt 0:08:04]} Nce5 {[%emt 0:09:46]} 21. Ne3 {[%emt 0:06:53]} Nb6 {[%emt 0:10:01]} 22. Qd4 {[%emt 0:10:31]} Nxa4 {[%emt 0:08:41]} 23. Ba1 {[%emt 0:05:29]} Nb6 {[%emt 0:07:46]} 24. f4 {[%emt 0:04:46]} Nc6 {[%emt 0:08:07]} 25. Qc3 {[%emt 0:08:07]} d5 {[%emt 0:04:32]} 26. Ng4 {[%emt 0:03:14]} d4 {[%emt 0:08:28]} 27. Qd2 {[%emt 0:02:16]} Nc4 {[%emt 0:04:29]} 28. Qd3 {[%emt 0:02:18]} Ne3 {[%emt 0:04:54]} 29. Nxe3 {[%emt 0:00:57]} dxe3 {[%emt 0:05:18]} 30. Qc4 {[%emt 0:00:28]} Qd7 {[%emt 0:03:35]} 31. f6 {[%emt 0:00:27]} g6 {[%emt 0:02:14]} 32. Rbd1 {[%emt 0:00:27]} Qf5 {[%emt 0:00:57]} 33. Rd5 {[%emt 0:00:19]} Qc8 {[%emt 0:02:22]} 34. f5 {[%emt 0:00:26]} e2 {[%emt 0:02:24]} 35. Re1 {[%emt 0:00:53]} Nxb4 {[%emt 0:01:53]} 36. fxg6 {[%emt 0:02:23]} hxg6 {[%emt 0:02:21]} 37. Rg5 {[%emt 0:00:40]} Qe6 {[%emt 0:01:10]} 38. Qxc7 {[%emt 0:00:10]} Qe3+ {[%emt 0:03:05] --- Ra8+ --- Nd3+} 0-1

[Event "Schachsommer 2019"]
[Site "Dresden"]
[Date "2019.08.11"]
[Round "2.4"]
[White "Kambrath, Yannick"]
[Black "Juergens, Klaus"]
[Result "1-0"]
[WhiteElo "2344"]
[BlackElo "2156"]
[Annotator "NA"]
[PlyCount "73"]
[EventDate "2019.08.10"]
[EventType "swiss"]
[EventCountry "GER"]
[SourceTitle "playchess.com"]
[Source "ChessBase"]
[SourceQuality "1"]
[TimeControl "40/5400+30:1800+30"]

1. d4 {[%emt 1:30:26]} Nf6 {[%emt 1:30:09]} 2. c4 {[%emt 1:30:14]} g6 {[%emt 1:30:44]} 3. Nc3 {[%emt 1:30:30]} Bg7 {[%emt 1:30:41]} 4. e4 {[%emt 1:30:11]} d6 {[%emt 1:30:58]} 5. Be2 {[%emt 1:30:19]} O-O {[%emt 1:31:11]} 6. Bg5 {[%emt 1:28:00]} h6 {[%emt 1:28:30]} 7. Be3 {[%emt 1:28:23]} c5 {[%emt 1:28:27]} 8. e5 {[%emt 1:20:21]} dxe5 {[%emt 1:20:51]} 9. dxe5 {[%emt 1:20:36]} Qxd1+ {[%emt 1:25:30]} 10. Rxd1 {[%emt 1:20:59]} Ng4 {[%emt 1:22:38]} 11. Bxc5 {[%emt 1:21:20]} Nxe5 {[%emt 1:22:05]} 12. Nd5 {[%emt 1:21:40]} Nbc6 {[%emt 1:20:52]} 13. h3 {[%emt 1:19:20]} g5 {[%emt 1:10:11]} 14. b3 $11 {[%emt 1:13:22]} ({Worse is} 14. Nxe7+ Nxe7 15. Bxe7 Re8 $17) 14... Ng6 {[%emt 1:02:56]} 15. Nf3 {[%emt 1:03:26]} Nf4 {[%emt 0:45:24]} 16. Nxf4 {[%emt 1:03:59]} Bc3+ {[%emt 0:42:55]} 17. Nd2 {[%emt 1:00:54]} gxf4 {[%emt 0:43:08]} 18. O-O {[%emt 1:00:09]} Bf5 {[%emt 0:39:03]} 19. Bf3 {[%emt 0:49:07]} Bd3 {[%emt 0:35:59]} 20. Ne4 {[%emt 0:46:48]} Bxe4 {[%emt 0:29:10]} 21. Bxe4 {[%emt 0:46:54]} Rfd8 {[%emt 0:19:15]} 22. Bxc6 {[%emt 0:43:35]} bxc6 {[%emt 0:19:33]} 23. Bxe7 {[%emt 0:43:50]} Re8 {[%emt 0:15:47]} 24. Rd7 {[%emt 0:41:23]} a5 {[%emt 0:15:43]} 25. Rfd1 {[%emt 0:39:32]} Kg7 {[%emt 0:40:02]} 26. Rb7 {[%emt 0:29:45]} a4 {[%emt 0:11:00]} 27. b4 {[%emt 0:28:37]} a3 {[%emt 0:09:56]} 28. Rd3 {[%emt 0:27:42]} Bf6 {[%emt 0:09:12]} 29. Bxf6+ {[%emt 0:17:50]} Kxf6 {[%emt 0:09:33]} 30. Rdd7 {[%emt 0:18:09]} Re1+ {[%emt 0:18:39]} 31. Kh2 {[%emt 0:18:05]} Ra1 {[%emt 0:07:13]} 32. Rxf7+ {[%emt 0:07:43]} Kg6 {[%emt 0:04:09]} 33. Rxf4 {[%emt 0:06:28]} Rxa2 {[%emt 0:04:25]} 34. Rbf7 {[%emt 0:06:48]} Re2 {[%emt 0:02:20]} 35. R4f6+ {[%emt 0:06:31]} Kg5 {[%emt 0:02:09]} 36. f4+ {[%emt 0:05:52]} Kh5 {[%emt 0:02:20]} 37. Rh7 1-0

[Event "Schachsommer 2019"]
[Site "Dresden"]
[Date "2019.08.11"]
[Round "2.5"]
[White "Zwahr, Paul"]
[Black "Eschke, Lars"]
[Result "1/2-1/2"]
[WhiteElo "2304"]
[BlackElo "2146"]
[Annotator "NA"]
[PlyCount "145"]
[EventDate "2019.08.10"]
[EventType "swiss"]
[EventCountry "GER"]
[SourceTitle "playchess.com"]
[Source "ChessBase"]
[SourceQuality "1"]
[TimeControl "40/5400+30:1800+30"]

1. e4 {[%emt 1:30:26]} d6 {[%emt 1:29:59]} 2. d4 {[%emt 1:30:23]} Nf6 {[%emt 1:30:53]} 3. Nc3 {[%emt 1:30:43]} g6 {[%emt 1:29:56]} 4. Bg5 {[%emt 1:30:29]} Bg7 {[%emt 1:29:47]} 5. Qd2 {[%emt 1:30:30]} h6 {[%emt 1:29:18]} 6. Bf4 {[%emt 1:29:48]} g5 {[%emt 1:27:13]} 7. Bg3 {[%emt 1:29:22]} Nh5 {[%emt 1:26:33]} 8. Bc4 {[%emt 1:27:03]} Nd7 {[%emt 1:10:37]} 9. Nge2 {[%emt 1:11:07]} c5 {[%emt 0:52:23]} 10. O-O-O {[%emt 1:11:29]} a6 {[%emt 0:42:14]} 11. dxc5 {[%emt 1:00:21]} Nxc5 {[%emt 0:42:03]} 12. h4 {[%emt 0:50:25]} Nxg3 {[%emt 0:23:37]} 13. Nxg3 {[%emt 0:47:44]} Bg4 {[%emt 0:20:24]} 14. f3 {[%emt 0:45:07]} Be5 {[%emt 0:20:13]} 15. Nge2 {[%emt 0:33:58]} Be6 {[%emt 0:20:37]} 16. Bxe6 {[%emt 0:33:47]} Nxe6 {[%emt 0:21:00]} 17. hxg5 {[%emt 0:33:24]} hxg5 {[%emt 0:21:05]} 18. Rxh8+ {[%emt 0:30:57]} Bxh8 {[%emt 0:21:28]} 19. Nd5 {[%emt 0:21:58]} Be5 {[%emt 0:10:44]} 20. g3 {[%emt 0:29:52]} Bg7 {[%emt 0:06:03]} 21. Rh1 {[%emt 0:17:21]} Rc8 {[%emt 0:04:12]} 22. Kb1 {[%emt 0:14:49]} Qd7 {[%emt 0:01:42]} 23. c3 {[%emt 0:10:17]} Qb5 {[%emt 0:01:37]} 24. Ka1 {[%emt 0:08:15]} Rc6 {[%emt 0:01:20]} 25. Nd4 {[%emt 0:05:06]} Nxd4 {[%emt 0:01:25]} 26. cxd4 {[%emt 0:05:30]} e6 {[%emt 0:00:02]} 27. Qxg5 {[%emt 0:05:01]} exd5 {[%emt 0:00:29]} 28. Qxg7 {[%emt 0:05:13]} Ke7 {[%emt 0:00:02]} 29. Qg5+ {[%emt 0:02:53]} Kd7 {[%emt 0:00:31]} 30. exd5 {[%emt 0:01:01]} Rb6 {[%emt 0:00:26]} 31. Rb1 {[%emt 0:00:24]} Qe2 {[%emt 0:00:15]} 32. Qf5+ {[%emt 0:00:45]} Kc7 {[%emt 0:00:40]} 33. Qe4 {[%emt 0:01:10]} Qd2 {[%emt 0:00:55]} 34. g4 {[%emt 0:00:03]} Kb8 {[%emt 0:00:53]} 35. Qe8+ {[%emt 0:00:01]} Ka7 {[%emt 0:01:18]} 36. Qe1 {[%emt 0:00:14]} Qxd4 {[%emt 0:01:25]} 37. Qe2 {[%emt 0:00:11]} Qxd5 {[%emt 0:01:32]} 38. Qe3 {[%emt 0:00:11]} Qb5 {[%emt 0:01:36]} 39. Qf2 {[%emt 0:00:13]} Qc5 {[%emt 0:01:36]} 40. Qd2 {[%emt 0:01:36]} Qb5 {[%emt 0:00:13]} 41. Qf2 {[%emt 0:00:13]} Qc5 {[%emt 0:00:53]} 42. Qd2 {[%emt 0:00:18]} Qb4 {[%emt 0:00:04]} 43. Qd5 {[%emt 0:30:34]} f6 {[%emt 0:28:07]} 44. Qd3 {[%emt 0:28:37]} a5 {[%emt 0:18:09]} 45. Qe3 {[%emt 0:18:39]} Ka6 {[%emt 0:16:14]} 46. f4 {[%emt 0:19:41]} Qc5 {[%emt 0:14:37]} 47. Qd3+ {[%emt 0:15:07]} Qb5 {[%emt 0:14:31]} 48. Qd4 {[%emt 0:19:35]} Qe2 {[%emt 0:11:57]} 49. Qxf6 {[%emt 0:12:27]} Qxg4 {[%emt 0:16:19]} 50. a3 {[%emt 0:12:51]} Qe2 {[%emt 0:14:51]} 51. Qd4 {[%emt 0:09:47]} Qb5 {[%emt 0:08:45]} 52. Rg1 {[%emt 0:12:01]} Qc5 {[%emt 0:12:31]} 53. Qd3+ {[%emt 0:11:09]} Qb5 {[%emt 0:06:08]} 54. Qd2 {[%emt 0:06:38]} d5 {[%emt 0:04:27]} 55. Rd1 {[%emt 0:04:57]} Qc4 {[%emt 0:03:15]} 56. Rc1 {[%emt 0:03:45]} Qb5 {[%emt 0:01:53]} 57. Qd4 {[%emt 0:07:26]} Rc6 {[%emt 0:02:08]} 58. Rxc6+ {[%emt 0:03:34]} bxc6 {[%emt 0:02:33]} 59. Qf2 {[%emt 0:03:42]} Qc4 {[%emt 0:01:27]} 60. f5 {[%emt 0:01:57]} d4 {[%emt 0:01:43]} 61. f6 {[%emt 0:02:29]} d3 {[%emt 0:02:59]} 62. f7 {[%emt 0:01:23]} d2 {[%emt 0:02:15]} 63. Qxd2 {[%emt 0:01:32]} Qxf7 {[%emt 0:02:36]} 64. Qd3+ {[%emt 0:01:09]} Kb6 {[%emt 0:01:39]} 65. Kb1 {[%emt 0:03:28]} Qf2 {[%emt 0:02:35]} 66. Qd8+ {[%emt 0:03:05]} Ka6 {[%emt 0:02:07]} 67. Qa8+ {[%emt 0:02:37]} Kb6 {[%emt 0:01:00]} 68. Qb8+ {[%emt 0:00:46]} Ka6 {[%emt 0:02:56]} 69. Qb3 {[%emt 0:00:31]} Qe1+ {[%emt 0:02:52]} 70. Ka2 {[%emt 0:00:54]} Qe2 {[%emt 0:01:24]} 71. Qc3 {[%emt 0:03:13]} Qe6+ {[%emt 0:00:50]} 72. Ka1 {[%emt 0:03:18]} Qe4 {[%emt 0:01:07]} 73. Qc1 {[%emt 0:00:06]} 1/2-1/2

[Event "Schachsommer 2019"]
[Site "Dresden"]
[Date "2019.08.12"]
[Round "3.1"]
[White "Efimenko, Zahar"]
[Black "Pollmüller, Michael"]
[Result "1-0"]
[WhiteElo "2631"]
[BlackElo "2175"]
[Annotator "RC"]
[PlyCount "75"]
[EventDate "2019.08.10"]
[EventType "swiss"]
[EventCountry "GER"]
[SourceTitle "playchess.com"]
[Source "ChessBase"]
[SourceQuality "1"]
[TimeControl "40/5400+30:1800+30"]

1. e4 {[%emt 1:29:34]} Nf6 {[%emt 1:29:49]} 2. e5 {[%emt 1:30:19]} Nd5 {[%emt 1:30:19]} 3. d4 {[%emt 1:30:09]} d6 {[%emt 1:30:25]} 4. Nf3 {[%emt 1:30:30]} g6 {[%emt 1:29:24]} 5. Bc4 {[%emt 1:29:54]} Nb6 {[%emt 1:29:47]} 6. Bb3 {[%emt 1:30:58]} Bg7 {[%emt 1:29:46]} 7. Qe2 {[%emt 1:31:15]} dxe5 {[%emt 1:28:44]} 8. dxe5 {[%emt 1:30:25]} O-O {[%emt 1:28:36]} 9. h3 {[%emt 1:29:46]} a5 {[%emt 1:28:29]} 10. a3 {[%emt 1:25:31]} a4 {[%emt 1:15:27]} 11. Ba2 {[%emt 1:25:04]} Nc6 {[%emt 1:15:49]} 12. O-O {[%emt 1:20:22]} Nd4 {[%emt 1:16:04]} 13. Nxd4 {[%emt 1:19:44]} Qxd4 {[%emt 1:16:20]} 14. e6 {[%emt 1:20:00]} Bxe6 {[%emt 1:11:07]} 15. Bxe6 {[%emt 1:11:37]} fxe6 {[%emt 1:11:31]} 16. Qxe6+ {[%emt 1:20:48]} Kh8 {[%emt 1:06:21]} 17. Nd2 {[%emt 1:06:51]} Qc5 {[%emt 0:52:37]} 18. c3 {[%emt 1:18:40]} Rad8 {[%emt 1:19:10]} 19. Nf3 {[%emt 1:12:19]} Nc4 {[%emt 0:31:28]} 20. Ng5 {[%emt 1:00:44]} Qd5 {[%emt 0:08:41]} 21. Qg4 {[%emt 0:48:01]} Rd6 {[%emt 0:05:04]} 22. Bf4 {[%emt 0:35:01]} Rdf6 {[%emt 0:04:30]} 23. Bg3 {[%emt 0:34:12]} Nd2 {[%emt 0:34:42]} 24. Rad1 {[%emt 0:02:49]} h6 {[%emt 0:01:32]} 25. Qe2 {[%emt 0:25:11]} Qxg5 {[%emt 0:01:42]} 26. Rxd2 {[%emt 0:25:36]} c6 {[%emt 0:01:35]} 27. Rd7 {[%emt 0:24:51]} b5 {[%emt 0:25:21]} 28. Qxe7 {[%emt 0:22:22]} R6f7 {[%emt 0:22:52]} 29. Qxf7 {[%emt 0:13:51]} Rxf7 {[%emt 0:01:07]} 30. Rxf7 {[%emt 0:14:16]} Qd5 {[%emt 0:01:34]} 31. Rc7 {[%emt 0:13:56]} Be5 {[%emt 0:00:33]} 32. Bxe5+ {[%emt 0:13:15]} Qxe5 {[%emt 0:01:01]} 33. Rxc6 {[%emt 0:13:28]} Qe2 {[%emt 0:01:22]} 34. Rc7 {[%emt 0:09:45]} Qe5 35. Rd7 {[%emt 0:09:25]} h5 {[%emt 0:01:28]} 36. Rfd1 {[%emt 0:09:05]} Qe2 {[%emt 0:01:26]} 37. h4 {[%emt 0:08:33]} Kg8 {[%emt 0:01:43]} 38. Rd8+ {[%emt 0:08:09]} 1-0

[Event "Schachsommer 2019"]
[Site "Dresden"]
[Date "2019.08.12"]
[Round "3.2"]
[White "Nothnagel, Marian Can"]
[Black "Dietz, Kristin"]
[Result "1-0"]
[WhiteElo "2388"]
[BlackElo "1904"]
[Annotator "TA"]
[PlyCount "54"]
[EventDate "2019.08.10"]
[EventType "swiss"]
[EventCountry "GER"]
[SourceTitle "playchess.com"]
[Source "ChessBase"]
[SourceQuality "1"]

{[%evp 23,54,20,29,11,43,37,22,34,92,67,90,77,218,236,295,294,330,289,543,505,857,401,1731,1791,3339,3174,29997,29998,29998,29999,29999,29999,29999]} 1. e4 c5 2. Nf3 e6 3. d3 Nc6 4. Nbd2 g6 5. g3 Bg7 6. Bg2 Nge7 7. O-O O-O 8. c3 d5 9. Re1 Qc7 10. Qe2 b6 11. e5 Ba6 12. Nf1 Rad8 13. h4 {A08: King's Indian Attack} (13. Bf4 b5 14. Ne3 d4 15. Ng4 dxc3 16. bxc3 b4 17. c4 Nf5 18. Ng5 Ncd4 19. Qd1 Bb7 20. Ne4 Kh8 {1-0 (46) Sturt,R (2392)-Lyell,M (2298) Kecskemet 2015}) 13... d4 14. c4 $1 b5 {With the idea ...bxc4.} 15. b3 {[%cal Bb2b3,Bb3c4][%mdl 32] The position is equal.} Nc8 $146 ({Black should play} 15... bxc4 $14 16. bxc4 Bb7) ({Predecessor:} 15... Nb4 16. a3 Nbc6 17. N1h2 {1-0 (32) Pogorelskikh,S (2272)-Nasibullin,I (2075) St Petersburg 2015}) 16. Bf4 Nb6 {[#]} 17. h5 $1 Nb4 (17... bxc4 $16 18. bxc4 h6) 18. N1h2 $18 Rfe8 19. Ng4 bxc4 20. bxc4 Na4 $2 (20... Bb7 21. a3 Bxf3 22. Bxf3 Nc6) 21. Qd2 Nb2 (21... Bb7 $142 22. Bh6 Bh8) 22. Nf6+ (22. Bh6 $142 {Threatens to win with Bxg7.} Bh8 23. Qf4) 22... Bxf6 (22... Kh8 $142 23. Nxe8 Rxe8 24. Qxb2 Nxd3) 23. exf6 Qd7 {[#]} 24. Be5 $1 {[%mdl 512] Threatening mate with Qh6.} Kh8 {[#]} 25. Qh6 $1 {[%csl Ge5,Gf6][%cal Rh6g7][%mdl 512] White mates.} Rg8 26. Ng5 {[%csl Gg5][%cal Rh6h7]} Nd1 27. Bc7 {[%csl Gg5][%cal Rh6h7]} Bc8 {Accuracy: White = 87%, Black = 11%.} 1-0

[Event "Schachsommer 2019"]
[Site "Dresden"]
[Date "2019.08.12"]
[Round "3.3"]
[White "Rahls, Peter"]
[Black "Kambrath, Yannick"]
[Result "0-1"]
[WhiteElo "2216"]
[BlackElo "2344"]
[Annotator "TA"]
[PlyCount "64"]
[EventDate "2019.08.10"]
[EventType "swiss"]
[EventCountry "GER"]
[SourceTitle "playchess.com"]
[Source "ChessBase"]
[SourceQuality "1"]

{[%evp 13,64,16,8,6,10,0,3,-12,-14,-14,-20,-10,0,-7,-10,-27,-35,-84,-84,-85,-72,-87,-94,-83,-88,-81,-85,-141,-135,-129,-130,-190,-180,-210,-200,-196,-168,-213,-213,-215,-215,-216,-222,-478,-274,-473,-473,-473,-473,-470,-448,-448,-448]} 1. e4 c5 2. c3 Nf6 3. e5 Nd5 4. d4 cxd4 5. cxd4 d6 6. Nf3 e6 7. Bc4 Be7 8. O-O {B22: Sicilian: 2 c3} O-O 9. Qe2 (9. Bd2 dxe5 10. dxe5 Nb6 11. Bb3 Bd7 12. Qe2 Ba4 13. Bxa4 Nxa4 14. Nc3 Nxc3 15. Bxc3 Nc6 {½-½ (30) Petrov,N (2591)-Zvjaginsev,V (2642) Skopje 2019}) 9... b6 10. Nc3 {The position is equal.} Nxc3 11. bxc3 Bb7 12. exd6 Qxd6 13. a4 Nc6 14. Bd3 Rac8 15. h4 $146 ({Predecessor:} 15. Ng5 Bxg5 16. Bxg5 Qd5 17. Qg4 Ne5 18. dxe5 Qxd3 19. Bh6 Qg6 20. Qxg6 hxg6 {0-1 (78) Borcsok,L (2180)-Farago,S (2365) Hungary 1997}) 15... Na5 16. Ba3 Qd8 17. Bxe7 Qxe7 18. Rac1 Bxf3 19. Qxf3 Qxh4 20. g3 (20. Ba6 $142) 20... Qg5 $17 21. Rce1 Nc4 {Hoping for ...Nd2.} 22. Bxc4 (22. Re2 $17) 22... Rxc4 $19 23. Qd3 Rfc8 24. Re5 Qg6 25. Qe2 h6 ({Resist} 25... Rxa4 26. d5 $17) 26. a5 Rxc3 27. axb6 axb6 28. d5 $2 {[#]} (28. Rb5 {was worth a try.}) 28... R8c5 (28... Rxg3+ $142 $1 {[%mdl 512]} 29. fxg3 Qxg3+ 30. Kh1 Qh3+ 31. Kg1 Rc3) 29. dxe6 $2 {[#]} (29. Kg2 {might work better.}) 29... Rxg3+ $1 {[%mdl 576] Demolition. Black is clearly winning.} 30. fxg3 Qxg3+ {[%mdl 64] Double Attack} 31. Qg2 Qxg2+ 32. Kxg2 Rxe5 {Accuracy: White = 32%, Black = 85%.} 0-1

[Event "Schachsommer 2019"]
[Site "Dresden"]
[Date "2019.08.12"]
[Round "3.4"]
[White "Koelle, Tobias"]
[Black "Wichmann, Cliff"]
[Result "1-0"]
[WhiteElo "2159"]
[BlackElo "2280"]
[Annotator "TA"]
[PlyCount "111"]
[EventDate "2019.08.10"]
[EventType "swiss"]
[EventCountry "GER"]
[SourceTitle "playchess.com"]
[Source "ChessBase"]
[SourceQuality "1"]

{[%evp 11,111,11,9,-1,41,40,35,41,47,17,48,45,45,42,50,33,46,44,39,30,37,43,77,84,79,90,134,86,100,99,96,94,152,145,157,157,157,159,159,156,159,158,162,168,181,179,181,180,198,210,204,196,197,189,181,179,237,237,235,229,266,265,293,293,366,277,312,259,436,435,441,424,414,291,275,252,255,252,347,261,267,262,259,260,249,244,257,258,266,265,271,273,245,272,254,264,346,304,384,365,360,355]} 1. d4 Nf6 2. c4 e6 3. Nc3 Bb4 4. Nf3 O-O 5. Qc2 d5 6. cxd5 exd5 7. Bg5 {E32: Nimzo-Indian: Classical (4 Qc2): 4...0-0} Qd6 8. e3 h6 $146 ({Predecessor:} 8... Ne4 9. Bd3 f5 10. O-O Nxg5 11. Nxg5 c6 12. f4 Qe7 13. Rae1 a5 14. g4 g6 15. gxf5 gxf5 16. Kh1 Kh8 17. Rf3 Rf6 18. Rh3 h6 19. Nxd5 {1-0 (19) Gajewski,G (2659)-Omar,N (2350) Tromsoe 2014}) 9. Bf4 {White is slightly better.} Qe7 10. h3 c6 11. Bd3 Nbd7 12. O-O Re8 13. Rac1 (13. a3 {seems wilder.} Bd6 14. Rfe1 Bb8 15. b4 Bd6 16. Ne2) 13... Bd6 14. Bxd6 Qxd6 15. Rfe1 a6 16. a3 c5 17. dxc5 Qxc5 18. Red1 Qe7 19. Be2 Qe6 20. Nd4 Qe5 21. Bf3 Ne4 (21... Nf8 $142) 22. Nde2 $16 Ndf6 {[#]} 23. Nxd5 $1 {[%mdl 512]} Nxd5 24. Qxe4 Qxe4 25. Bxe4 Rxe4 26. Rxd5 {And now Rd8+ would win.} Be6 27. Rd6 Rc4 28. Rxc4 Bxc4 $18 {[%mdl 4096] Endgame KRB-KRN} 29. Nd4 a5 30. Rd7 Rb8 31. Rc7 Bd3 32. Nf3 Be4 33. Ne5 Bd5 (33... f6 $142) 34. Rc5 Rd8 35. Rxa5 Be4 36. Ra4 Rd1+ 37. Kh2 Bf5 38. Rb4 Bc8 39. Rd4 Rc1 $2 (39... Rxd4 40. exd4 Kf8) 40. Rd8+ Kh7 41. Nxf7 Rc2 42. Kg3 Be6 43. Rh8+ Kg6 44. Ne5+ Kf5 45. Nf3 {[#] Black must now prevent Nd4+.} Rxb2 46. Nd4+ Kf6 47. Rf8+ Bf7 48. Rc8 Ra2 49. Rc3 g5 50. Nf3 Bd5 51. h4 Bc6 52. hxg5+ hxg5 53. Nd4 Be8 54. Rb3 Bf7 55. Rb6+ Kg7 56. Nf5+ {Accuracy: White = 81%, Black = 33%.} 1-0

[Event "Schachsommer 2019"]
[Site "Dresden"]
[Date "2019.08.12"]
[Round "3.5"]
[White "Gajek, Radoslaw"]
[Black "Boehm, Juergen"]
[Result "1/2-1/2"]
[WhiteElo "2423"]
[BlackElo "2203"]
[Annotator "TA"]
[PlyCount "112"]
[EventDate "2019.08.10"]
[EventType "swiss"]
[EventCountry "GER"]
[SourceTitle "playchess.com"]
[Source "ChessBase"]
[SourceQuality "1"]

{[%evp 18,112,52,37,34,41,39,30,39,40,35,0,0,17,7,-42,-37,-47,-70,-110,-35,-42,-37,-43,54,62,61,59,62,58,158,0,25,0,58,46,45,39,39,39,38,1,39,37,73,65,70,70,68,66,65,54,57,51,51,46,70,56,61,33,33,33,34,31,41,41,52,23,26,26,27,34,87,0,17,17,19,19,19,19,22,26,26,13,13,13,20,20,21,0,31,0,0,0,0,0,0]} 1. e4 c5 2. Nf3 g6 3. d4 cxd4 4. Nxd4 Nc6 5. c4 Bg7 6. Be3 Nf6 7. Nc3 Ng4 8. Qxg4 Nxd4 9. Qd1 e5 10. Nb5 {[%cal Rb5d4]} d6 {B39: Sicilian: Maroczy Bind with 5...Bg7 and 7...Ng4} 11. Nxd4 exd4 12. Bxd4 Qa5+ {White has an edge.} 13. Ke2 Be5 $1 14. Ke3 Be6 15. f4 O-O-O $146 ({Predecessor:} 15... Rd8 16. g3 O-O 17. Qd3 Rfe8 18. Kf2 Bxc4 {½-½ (28) Ortiz Suarez,I (2548)-Travadon,L (2344) Avoine 2018}) 16. a3 f5 17. b4 Qc7 18. Rc1 Qc6 (18... g5 $17 19. exf5 Bxf5) 19. Bd3 $1 $15 Bxd4+ 20. Kxd4 Qb6+ (20... Rhe8 $15 21. exf5 Bxf5) 21. Kc3 $14 fxe4 22. Bxe4 Qe3+ $1 23. Qd3 Qb6 (23... Qxf4 $14 24. Qd4 Qe5) 24. Qd1 (24. Qd4 $16) 24... Qe3+ $1 $11 25. Qd3 Qxf4 ({Black should try} 25... Qb6 $1 $11) 26. Rce1 {Black must now prevent Bxb7+!} Qf6+ 27. Kb3 Rhe8 $1 28. Rhf1 Qg7 29. Rf3 Kb8 {Hoping for ...b5.} 30. Rfe3 Qd7 31. Bxb7 {aiming for Bd5.} Bxc4+ $1 ({Avoid the trap} 31... Kxb7 $2 32. Rxe6 $1 {[%mdl 512]} Rxe6 33. Qd5+ Qc6 34. Qxe6 $18) 32. Qxc4 Rxe3+ 33. Rxe3 Qxb7 $16 {[%mdl 4096] Endgame KQR-KQR} 34. Rf3 Rc8 35. Qd4 Qc7 {[%csl Gc8][%cal Rc7c2]} 36. Rf2 Qc6 37. Rd2 Re8 38. Rc2 Qd7 39. g3 Qe6+ 40. Ka4 Qd7+ 41. b5 Rc8 42. Rxc8+ (42. Rd2 {is more complex.} Rd8 43. Kb4 d5 44. a4 Qe7+ 45. Kb3) 42... Kxc8 $14 {KQ-KQ} 43. Kb4 Qe7 44. a4 Kb8 {[#]} (44... h5 $14) 45. b6 (45. a5 $1 $16) 45... axb6 (45... Qe1+ {keeps more tension.} 46. Kb3 Qb1+ 47. Kc4 axb6 48. Kd5 Kb7) 46. Qxb6+ Kc8 47. Qc6+ Kb8 $1 48. Ka5 Qa7+ 49. Kb5 Qe7 50. a5 Qe2+ 51. Kb6 {[%csl Gb6][%cal Rc6b7]} Qe3+ 52. Ka6 {[%csl Ga6][%cal Rc6b7]} Qe7 53. Qb6+ Kc8 54. Qb5 Qe4 {( -> ...Qa8+). The position is equal.} 55. Qb6 Qe2+ 56. Ka7 Qe7+ {Accuracy: White = 55%, Black = 58%.} 1/2-1/2